[Event "38th Greek Team Championship"]
[Site "Olympic Boxing Center, Periste"]
[Date "2010.07.06"]
[Round "2.7"]
[White "Naiditsch, Arkadij"]
[Black "Hammer, Jon Ludvig"]
[Result "0-1"]
[WhiteElo "2684"]
[BlackElo "2636"]
[PlyCount "84"]
[EventDate "2010.07.05"]
[WhiteTeam "SA CCHALKIDOS"]
[BlackTeam "LP FLORINAS"]

1. e4 e5 2. Nf3 Nc6 3. Bb5 Nf6 4. O-O Nxe4 5. d4 Nd6 6. Bxc6 dxc6 7. dxe5 Nf5
8. Qxd8+ Kxd8 9. Nc3 Bd7 10. Bf4 Kc8 11. Ng5 h6 12. Nxf7 Rg8 13. Rad1 Bb4 14.
Ne4 Be6 15. g4 Nh4 16. Bg3 Ng6 17. Rd4 Be7 18. Nfd6+ cxd6 19. Nxd6+ Kc7 20. f4
c5 21. Re4 Bd5 22. Re3 Bxd6 23. exd6+ Kc6 24. f5 Nf8 25. b3 b5 26. Re7 Nd7 27.
Rfe1 Rad8 28. Bh4 Rdf8 29. Bg3 g6 30. Rxd7 Kxd7 31. Re7+ Kd8 32. Bh4 g5 33. Be1
b4 34. Rxa7 Rf7 35. Ra5 Re8 36. Bf2 Kd7 37. Bxc5 Ra8 38. Rxa8 Bxa8 39. Kf2 Be4
40. Bxb4 Bxc2 41. Kg3 Bd1 42. a4 Kc6 0-1

[Event "38th Greek Team Championship"]
[Site "Olympic Boxing Center, Periste"]
[Date "2010.07.06"]
[Round "2.7"]
[White "Markidis, Konstantinos"]
[Black "Stefanova, Antoaneta"]
[Result "1-0"]
[WhiteElo "2342"]
[BlackElo "2560"]
[PlyCount "81"]
[EventDate "2010.07.05"]
[WhiteTeam "LP FLORINAS"]
[BlackTeam "SA CCHALKIDOS"]

1. e4 c6 2. d4 d5 3. e5 c5 4. c4 cxd4 5. Nf3 Bg4 6. Qb3 Qc7 7. Nxd4 Nc6 8. Be3
Nxd4 9. Bxd4 dxc4 10. Bxc4 O-O-O 11. Qc3 b5 12. Be2 Bxe2 13. Kxe2 Qxc3 14. bxc3
Kb7 15. Nd2 e6 16. Rhb1 Ka6 17. Nf3 Nh6 18. a4 b4 19. cxb4 Nf5 20. Bc3 Be7 21.
g4 Nh4 22. Nxh4 Bxh4 23. Rd1 Kb7 24. Rd4 h5 25. h3 hxg4 26. hxg4 Rxd4 27. Bxd4
Be7 28. b5 Rh4 29. Kf3 Rh3+ 30. Ke4 Rb3 31. Be3 Rb4+ 32. Kf3 f5 33. gxf5 exf5
34. Rg1 Bf8 35. Rg5 f4 36. Bxf4 Rxa4 37. Be3 Rc4 38. e6 Rc7 39. Rf5 Be7 40. Rf7
g5 41. Kg4 1-0

[Event "38th Greek Team Championship"]
[Site "Olympic Boxing Center, Periste"]
[Date "2010.07.06"]
[Round "2.7"]
[White "Nikolaidis, Konstantinos"]
[Black "Nikolaou, Georgios"]
[Result "1-0"]
[WhiteElo "2290"]
[BlackElo "2275"]
[PlyCount "109"]
[EventDate "2010.07.05"]
[WhiteTeam "SA CCHALKIDOS"]
[BlackTeam "LP FLORINAS"]

1. d4 Nf6 2. c4 g6 3. Nc3 Bg7 4. g3 O-O 5. Bg2 d6 6. Nf3 c6 7. O-O Nbd7 8. e4
Qc7 9. h3 e5 10. Be3 exd4 11. Nxd4 Re8 12. Qc2 a6 13. Rad1 Rb8 14. Rd2 c5 15.
Nde2 b5 16. cxb5 axb5 17. Nf4 Ne5 18. b3 Be6 19. Rfd1 b4 20. Na4 Bd7 21. Nb2
Rb6 22. g4 h6 23. Ne2 Bb5 24. f4 Nc6 25. Nc4 Bxc4 26. Qxc4 Na5 27. Qc2 Nb7 28.
Bf2 Qe7 29. Ng3 Rc8 30. e5 dxe5 31. g5 hxg5 32. fxg5 Nh5 33. Nxh5 gxh5 34. Qf5
Qe6 35. Qxe6 fxe6 36. Rd7 Na5 37. Rd8+ Rxd8 38. Rxd8+ Kf7 39. Bxc5 Rb5 40. Rd7+
Kg8 41. Rd8+ Kf7 42. Rd7+ Kg8 43. Be3 h4 44. Re7 Bf8 45. Rxe6 Bc5 46. Kf2 Bd4
47. Bxd4 exd4 48. Rd6 Rxg5 49. Rxd4 Rf5+ 50. Ke3 Re5+ 51. Re4 Rc5 52. Rxb4 Rc2
53. Bd5+ Kg7 54. Rxh4 Nc6 55. Kd3 1-0

[Event "38th Greek Team Championship"]
[Site "Olympic Boxing Center, Periste"]
[Date "2010.07.06"]
[Round "2.8"]
[White "Istratescu, Andrei"]
[Black "Sarandos, Vasilios"]
[Result "1-0"]
[WhiteElo "2620"]
[BlackElo "2257"]
[PlyCount "75"]
[EventDate "2010.07.05"]
[WhiteTeam "NO KALAMATAS"]
[BlackTeam "SO IKARIAS"]

1. e4 e6 2. d4 d5 3. Nc3 dxe4 4. Nxe4 Bd7 5. Nf3 Bc6 6. Bd3 Nd7 7. O-O Ngf6 8.
Ng3 Be7 9. c4 O-O 10. b3 Bxf3 11. Qxf3 c5 12. Bb2 cxd4 13. Bxd4 Nc5 14. Rad1
Nxd3 15. Rxd3 Qc7 16. Nh5 Nxh5 17. Qxh5 Qf4 18. Be5 Qe4 19. Rd4 Qc6 20. Qg4 g6
21. h4 Rad8 22. Rfd1 Rxd4 23. Rxd4 Qc5 24. Qe4 Rd8 25. g3 Qc6 26. Qf4 Rxd4 27.
Bxd4 Qd6 28. Qxd6 Bxd6 29. Bxa7 f5 30. c5 Bc7 31. Bb6 Bb8 32. b4 Kf7 33. b5 Ke7
34. a4 Kd7 35. a5 Be5 36. a6 bxa6 37. bxa6 Kc6 38. a7 1-0

[Event "38th Greek Team Championship"]
[Site "Olympic Boxing Center, Periste"]
[Date "2010.07.06"]
[Round "2.8"]
[White "Koukoufikis, Alexandros"]
[Black "Tsekouras, Theodoros"]
[Result "1/2-1/2"]
[WhiteElo "2255"]
[BlackElo "2242"]
[PlyCount "80"]
[EventDate "2010.07.05"]
[WhiteTeam "SO IKARIAS"]
[BlackTeam "NO KALAMATAS"]

1. e4 e6 2. d3 d5 3. Nd2 Nf6 4. g3 c5 5. Bg2 Nc6 6. Ne2 g6 7. O-O Bg7 8. h3 O-O
9. Re1 b6 10. f4 Bb7 11. e5 Nd7 12. Nf3 f6 13. d4 fxe5 14. fxe5 cxd4 15. Nexd4
Nxd4 16. Nxd4 Qe7 17. Qg4 Bxe5 18. Qxe6+ Qxe6 19. Nxe6 Rfc8 20. Rxe5 Nxe5 21.
Bf4 Nf7 22. c3 g5 23. Nxg5 Re8 24. Nxf7 Kxf7 25. Bf3 Kg6 26. Rd1 Rad8 27. c4
Re7 28. cxd5 Red7 29. Be4+ Kf7 30. Rf1 Kg8 31. Bf5 Bxd5 32. Bxd7 Rxd7 33. Bh6
Rd8 34. a3 Bb3 35. Rc1 Rd1+ 36. Kf2 Rxc1 37. Bxc1 a5 38. Ke3 a4 39. Kd4 b5 40.
Ke5 Kf7 1/2-1/2

[Event "38th Greek Team Championship"]
[Site "Olympic Boxing Center, Periste"]
[Date "2010.07.06"]
[Round "2.8"]
[White "Kiriakopoulos, Antonios"]
[Black "Pountzas, Hrisanthos"]
[Result "1-0"]
[WhiteElo "2051"]
[BlackElo "2181"]
[PlyCount "111"]
[EventDate "2010.07.05"]
[WhiteTeam "NO KALAMATAS"]
[BlackTeam "SO IKARIAS"]

1. e4 c5 2. c3 d6 3. d4 Nf6 4. Bd3 g6 5. Nf3 Bg7 6. O-O O-O 7. Qe2 Bg4 8. Nbd2
cxd4 9. cxd4 Nc6 10. Qe3 Nb4 11. Bb1 Qc7 12. Qb3 Nc6 13. h3 Bc8 14. Qc3 Nd7 15.
Nb3 b6 16. Bg5 Re8 17. Rc1 Bb7 18. Qe3 Qd8 19. a3 Rc8 20. Ba2 Nf6 21. d5 Nb8
22. Nbd4 Qd7 23. Rd1 Rc7 24. Rd2 Rec8 25. Rad1 Rc1 26. Ne2 Rxd1+ 27. Rxd1 Rc2
28. Rb1 Rc8 29. Nc3 Qc7 30. Rd1 Qc5 31. Qd2 Nbd7 32. Be3 Qc7 33. Bd4 Ba6 34.
Qf4 Nh5 35. Qg5 Bxd4 36. Rxd4 Nhf6 37. Ra4 Nc5 38. Rd4 Nd3 39. e5 dxe5 40. d6
Qd8 41. Rxd3 Bxd3 42. Nxe5 Qxd6 43. Nxf7 Qc5 44. Qxc5 Rxc5 45. Ne5+ Kg7 46.
Nxd3 Rc7 47. Kf1 Kf8 48. Nf4 Ke8 49. Bb3 a6 50. g4 Rc5 51. Ne6 Rc8 52. Ke2 Kd7
53. Ke3 Kd6 54. Nf4 g5 55. Ne6 h6 56. Ng7 1-0

[Event "38th Greek Team Championship"]
[Site "Olympic Boxing Center, Periste"]
[Date "2010.07.06"]
[Round "2.9"]
[White "Petrov, Marijan"]
[Black "Agouridis, Aris"]
[Result "1-0"]
[WhiteElo "2535"]
[BlackElo "2120"]
[PlyCount "37"]
[EventDate "2010.07.05"]
[WhiteTeam "AS PAPAGOU"]
[BlackTeam "SISK"]

1. e4 e6 2. d4 d5 3. e5 c5 4. c3 Nc6 5. Nf3 Bd7 6. Be2 Nge7 7. Na3 cxd4 8. cxd4
Nf5 9. Nc2 Nb4 10. Ne3 Nh4 11. Nxh4 Qxh4 12. O-O Nc6 13. f4 Qd8 14. b3 Qb6 15.
Bb2 Be7 16. Rf3 h5 17. a3 a5 18. Rh3 h4 19. Rc1 1-0

[Event "38th Greek Team Championship"]
[Site "Olympic Boxing Center, Periste"]
[Date "2010.07.06"]
[Round "2.9"]
[White "Pappas, Mihail"]
[Black "Zysk, Robert"]
[Result "0-1"]
[WhiteElo "1992"]
[BlackElo "2436"]
[PlyCount "116"]
[EventDate "2010.07.05"]
[WhiteTeam "SISK"]
[BlackTeam "AS PAPAGOU"]

1. e4 c5 2. c4 d6 3. Nc3 Nc6 4. d3 g6 5. g4 Bg7 6. Bg2 a6 7. g5 Rb8 8. a4 h5 9.
h4 Bg4 10. f3 Bd7 11. Nge2 e6 12. Be3 Nd4 13. O-O Ne7 14. Bxd4 cxd4 15. Nb1 Nc6
16. Na3 O-O 17. Qd2 f5 18. f4 fxe4 19. Bxe4 Ne7 20. Nc2 b5 21. cxb5 axb5 22. a5
d5 23. Bg2 Nf5 24. Qe1 b4 25. Bh3 Re8 26. Bxf5 exf5 27. Qf2 Ra8 28. Qf3 Rxa5
29. Nxb4 Rb5 30. Nxd5 Rxb2 31. Ng3 Bc6 32. Nf6+ Qxf6 33. gxf6 Bxf3 34. Rf2 Rxf2
35. Kxf2 Bxf6 36. Kxf3 Re3+ 37. Kg2 Bxh4 38. Ra8+ Kg7 39. Ra7+ Kh6 40. Nf1 Re2+
41. Kh3 Rf2 42. Ng3 Bxg3 43. Kxg3 Rf1 44. Ra2 h4+ 45. Kxh4 Rxf4+ 46. Kg3 Kg5
47. Ra6 Rg4+ 48. Kf3 Rf4+ 49. Kg3 Rf1 50. Rd6 f4+ 51. Kg2 Rd1 52. Rxd4 Kg4 53.
Kf2 g5 54. Ke2 Rh1 55. Rd5 f3+ 56. Kf2 Rh2+ 57. Kg1 Rd2 58. Kf1 Kf4 0-1

[Event "38th Greek Team Championship"]
[Site "Olympic Boxing Center, Periste"]
[Date "2010.07.06"]
[Round "2.9"]
[White "Zenelis, Konstantinos"]
[Black "Papageorgiou, Ioannis"]
[Result "1/2-1/2"]
[WhiteElo "2158"]
[BlackElo "1966"]
[PlyCount "64"]
[EventDate "2010.07.05"]
[WhiteTeam "AS PAPAGOU"]
[BlackTeam "SISK"]

1. e4 e6 2. d4 d5 3. Nd2 Nf6 4. e5 Nfd7 5. Bd3 c5 6. c3 Nc6 7. Ne2 cxd4 8. cxd4
f6 9. exf6 Nxf6 10. O-O Bd6 11. Nf3 Qc7 12. Bg5 O-O 13. Bh4 Ng4 14. Bg3 Bd7 15.
Nc3 Bxg3 16. hxg3 e5 17. dxe5 Ncxe5 18. Nxd5 Qd6 19. Nxe5 Qxe5 20. Be2 Rae8 21.
Nf4 Nf6 22. Qb3+ Kh8 23. Bf3 Bc6 24. Rac1 Ne4 25. Rce1 Qf6 26. Nd5 Qf5 27. Ne3
Qg6 28. Rd1 Rxf3 29. gxf3 Nxg3 30. fxg3 Rxe3 31. Rd8+ Be8 32. Qxe3 Qxg3+
1/2-1/2

[Event "38th Greek Team Championship"]
[Site "Olympic Boxing Center, Periste"]
[Date "2010.07.06"]
[Round "2.10"]
[White "Lupulescu, Constantin"]
[Black "Negi, Parimarjan"]
[Result "1/2-1/2"]
[WhiteElo "2618"]
[BlackElo "2615"]
[PlyCount "122"]
[EventDate "2010.07.05"]
[WhiteTeam "PANIONIOS"]
[BlackTeam "SO PATRON"]

1. e4 c5 2. Nf3 d6 3. Bb5+ Bd7 4. Bxd7+ Qxd7 5. c4 Nf6 6. Nc3 g6 7. d4 cxd4 8.
Nxd4 Bg7 9. f3 O-O 10. Be3 Nc6 11. O-O a6 12. a4 e6 13. Rc1 Rfd8 14. b3 Rac8
15. Kh1 d5 16. cxd5 exd5 17. Nxc6 bxc6 18. e5 Nh5 19. Bb6 Bxe5 20. Bxd8 Qxd8
21. Ne2 Qg5 22. Rc2 Nf4 23. g3 Nxe2 24. Qxe2 Qf5 25. Rd1 a5 26. Kg2 Kg7 27. Qd3
Qd7 28. Qa6 c5 29. Qxa5 Bd4 30. Qb5 Qd8 31. a5 Rb8 32. Qa4 Rb4 33. Qa3 Rb5 34.
b4 Rxb4 35. a6 Rb8 36. a7 Ra8 37. Ra2 Qb6 38. Qa6 Qb3 39. Qa4 Qe3 40. Qb5 c4
41. Qxd5 Rxa7 42. Qxc4 Rxa2+ 43. Qxa2 Qe5 44. Qc4 Bb2 45. Rd2 Qf6 46. Rd7 h5
47. Qd5 Be5 48. f4 Ba1 49. h4 Qb2+ 50. Kh3 Qf6 51. Rb7 Bc3 52. Kh2 Ba1 53. Qd7
Bc3 54. Kg2 Ba1 55. Kh3 Bc3 56. Qc8 Bd4 57. Rb8 Kh7 58. Kh2 Ba1 59. Qg8+ Kh6
60. Qf8+ Qg7 61. Qxg7+ Bxg7 1/2-1/2

[Event "38th Greek Team Championship"]
[Site "Olympic Boxing Center, Periste"]
[Date "2010.07.06"]
[Round "2.10"]
[White "Braun, Arik"]
[Black "Nikolov, Momchil"]
[Result "1/2-1/2"]
[WhiteElo "2527"]
[BlackElo "2552"]
[PlyCount "52"]
[EventDate "2010.07.05"]
[WhiteTeam "SO PATRON"]
[BlackTeam "PANIONIOS"]

1. d4 Nf6 2. c4 e6 3. Nf3 c5 4. d5 exd5 5. cxd5 d6 6. Nc3 g6 7. g3 Bg7 8. Bg2
O-O 9. O-O a6 10. a4 Re8 11. Nd2 Nbd7 12. Nc4 Nb6 13. Na3 Bd7 14. Bf4 Qc7 15.
Re1 Ng4 16. a5 Nc8 17. Nc4 Bb5 18. Qb3 Bxc4 19. Qxc4 Ne5 20. Qa2 b5 21. axb6
Nxb6 22. Ne4 a5 23. Bg5 Ned7 24. Bf4 Ne5 25. Bg5 Ned7 26. Bf4 Ne5 1/2-1/2

[Event "38th Greek Team Championship"]
[Site "Olympic Boxing Center, Periste"]
[Date "2010.07.06"]
[Round "2.10"]
[White "Kofidis, Andreas"]
[Black "Kanellopoulos, Panayotis"]
[Result "1-0"]
[WhiteElo "2402"]
[BlackElo "2268"]
[PlyCount "71"]
[EventDate "2010.07.05"]
[WhiteTeam "PANIONIOS"]
[BlackTeam "SO PATRON"]

1. e4 c5 2. Nf3 d6 3. d4 cxd4 4. Nxd4 Nf6 5. Nc3 a6 6. Bc4 e6 7. O-O Be7 8. a3
O-O 9. Ba2 Nc6 10. Kh1 Nxd4 11. Qxd4 e5 12. Qd3 Be6 13. Bg5 Ne8 14. Be3 Nf6 15.
Nd5 Bxd5 16. Bxd5 Nxd5 17. Qxd5 Qc7 18. c4 Rac8 19. Rac1 Qc6 20. Rfd1 Rc7 21.
b3 Rfc8 22. a4 b6 23. h3 Qb7 24. f4 Rc6 25. b4 Qb8 26. b5 axb5 27. axb5 exf4
28. bxc6 fxe3 29. Rc3 e2 30. Re1 Qc7 31. Rxe2 Qxc6 32. Ra3 Qxc4 33. Qxc4 Rxc4
34. Ra8+ Bf8 35. e5 d5 36. e6 1-0

[Event "38th Greek Team Championship"]
[Site "Olympic Boxing Center, Periste"]
[Date "2010.07.06"]
[Round "2.11"]
[White "Bartel, Mateusz"]
[Black "Chatalbashev, Boris"]
[Result "1/2-1/2"]
[WhiteElo "2613"]
[BlackElo "2613"]
[PlyCount "99"]
[EventDate "2010.07.05"]
[WhiteTeam "SA GAZIOU"]
[BlackTeam "SO ILIOUPOLIS"]

1. e4 d6 2. d4 Nf6 3. Nc3 g6 4. f4 Bg7 5. Nf3 O-O 6. Be3 Nbd7 7. Qd2 c5 8.
O-O-O Ng4 9. Kb1 Nxe3 10. Qxe3 cxd4 11. Nxd4 e5 12. Nb3 exf4 13. Qxf4 Bxc3 14.
bxc3 Ne5 15. Be2 a5 16. a4 Be6 17. Nd4 Bd7 18. Bb5 Rc8 19. Bxd7 Qxd7 20. Nb5
Rc5 21. Rd5 Rxd5 22. exd5 f5 23. Re1 Re8 24. Qe3 Kg7 25. Ka2 h5 26. Kb3 Kh7 27.
Qa7 Rc8 28. Qxa5 Rc5 29. Rd1 Nc4 30. Qb4 Ne3 31. Rd3 Nxd5 32. Qd4 Qe6 33. c4
Nf6 34. Nxd6 Rc6 35. Nb5 f4 36. Qxf4 Ne4 37. Rd5 Nc5+ 38. Ka2 Nxa4 39. Rd4 Nc5
40. Rd6 Rxd6 41. Nxd6 Qe2 42. Qf7+ Kh6 43. Qf4+ Kh7 44. Qf7+ Kh6 45. Nf5+ gxf5
46. Qf6+ Kh7 47. Qf7+ Kh6 48. Qf6+ Kh7 49. Qf7+ Kh6 50. Qf6+ 1/2-1/2

[Event "38th Greek Team Championship"]
[Site "Olympic Boxing Center, Periste"]
[Date "2010.07.06"]
[Round "2.11"]
[White "Ignatiadis, Konstantinos"]
[Black "Olszewski, Michal"]
[Result "0-1"]
[WhiteElo "2206"]
[BlackElo "2543"]
[PlyCount "62"]
[EventDate "2010.07.05"]
[WhiteTeam "SO ILIOUPOLIS"]
[BlackTeam "SA GAZIOU"]

1. e4 c5 2. Nf3 e6 3. d3 d5 4. Nbd2 Nc6 5. g3 Bd6 6. Bg2 Nge7 7. O-O O-O 8.
exd5 exd5 9. d4 Bg4 10. h3 Bh5 11. dxc5 Bxc5 12. Nb3 Bb6 13. c3 Ne5 14. g4
Nxf3+ 15. Qxf3 Bg6 16. Be3 Be4 17. Bxb6 axb6 18. Qe3 f5 19. f3 f4 20. Qd2 Bg6
21. Rfe1 Qd6 22. Bf1 Nc6 23. Bb5 h5 24. Nd4 Rfe8 25. a4 Re3 26. Bxc6 bxc6 27.
Rxe3 fxe3 28. Qh2 Qxh2+ 29. Kxh2 c5 30. Nc6 Re8 31. b4 Bc2 0-1

[Event "38th Greek Team Championship"]
[Site "Olympic Boxing Center, Periste"]
[Date "2010.07.06"]
[Round "2.11"]
[White "Lirindzakis, Timotheos"]
[Black "Gogolis, Alexandros"]
[Result "1/2-1/2"]
[WhiteElo "2328"]
[BlackElo "2214"]
[PlyCount "62"]
[EventDate "2010.07.05"]
[WhiteTeam "SA GAZIOU"]
[BlackTeam "SO ILIOUPOLIS"]

1. d4 d5 2. c4 c6 3. Nc3 Nf6 4. cxd5 cxd5 5. Bf4 Nc6 6. e3 a6 7. Bd3 Bg4 8.
Nge2 e6 9. Rc1 Be7 10. Qb3 Ra7 11. Ng3 Nh5 12. h3 Nxg3 13. Bxg3 Bh5 14. O-O O-O
15. Na4 Bg6 16. Bxg6 hxg6 17. Nc5 Bxc5 18. Rxc5 a5 19. Rfc1 a4 20. Qb5 Qd7 21.
R5c3 Ra5 22. Qd3 Rfa8 23. Qe2 R8a6 24. Rc5 Qd8 25. Qd2 Ra8 26. Rxa5 Qxa5 27.
Qxa5 Rxa5 28. Bd6 Rb5 29. Ba3 f6 30. Kf1 Kf7 31. Ke2 Rb6 1/2-1/2

[Event "38th Greek Team Championship"]
[Site "Olympic Boxing Center"]
[Date "2010.07.07"]
[Round "3.1"]
[White "Souleidis, Georgios"]
[Black "Argiroudis, Stamatis"]
[Result "1-0"]
[WhiteElo "2410"]
[BlackElo "2315"]
[PlyCount "81"]
[EventDate "2010.07.05"]
[WhiteTeam "AO KYDON"]
[BlackTeam "OS TRIANDRIAS"]

1. e4 c6 2. Nc3 d5 3. Nf3 Bg4 4. h3 Bxf3 5. Qxf3 Nf6 6. Be2 e6 7. O-O Nbd7 8.
d4 dxe4 9. Nxe4 Nxe4 10. Qxe4 Nf6 11. Qd3 Be7 12. c4 O-O 13. Be3 Qd6 14. Rfd1
Rfd8 15. Rd2 Rd7 16. Rad1 Rad8 17. Qc2 Qc7 18. Bf3 Qa5 19. a3 h6 20. g3 Rc8 21.
Rd3 Qf5 22. Kg2 Rcd8 23. R3d2 Qxc2 24. Rxc2 Nh7 25. b4 Ng5 26. Be2 Bf6 27. h4
Ne4 28. Bf3 Nd6 29. d5 exd5 30. cxd5 Nb5 31. dxc6 bxc6 32. Rxd7 Rxd7 33. Bxc6
Nxa3 34. Ra2 Rd3 35. Bxa7 Be7 36. b5 Rb3 37. Re2 Bd6 38. Re8+ Kh7 39. Be4+ f5
40. Bxf5+ g6 41. Bd4 1-0

[Event "38th Greek Team Championship"]
[Site "Olympic Boxing Center"]
[Date "2010.07.07"]
[Round "3.1"]
[White "Ilandzis, Spyridon"]
[Black "Zahariev, Zahari"]
[Result "1/2-1/2"]
[WhiteElo "2200"]
[BlackElo "2387"]
[PlyCount "130"]
[EventDate "2010.07.05"]
[WhiteTeam "OS TRIANDRIAS"]
[BlackTeam "AO KYDON"]

1. d4 d6 2. Nf3 Bg4 3. c4 c6 4. Nc3 e6 5. g3 Bxf3 6. exf3 d5 7. Qb3 Qb6 8. c5
Qxb3 9. axb3 g6 10. f4 Bg7 11. Be3 Ne7 12. g4 Nd7 13. b4 O-O 14. Be2 a6 15. h4
f6 16. h5 e5 17. h6 Bh8 18. O-O-O exd4 19. Bxd4 f5 20. g5 Bxd4 21. Rxd4 Rfe8
22. Bf3 Nf8 23. Re1 Kf7 24. Ne2 Ne6 25. Rdd1 a5 26. b5 Nxc5 27. Nd4 Ne4 28.
Bxe4 fxe4 29. bxc6 bxc6 30. f3 e3 31. Rxe3 c5 32. Nb5 Red8 33. Rde1 Nf5 34. Re6
d4 35. R1e5 c4 36. Rc6 Rd7 37. Rxc4 Re8 38. Kd2 Rb8 39. Kd3 Rbd8 40. b3 Nh4 41.
Rc7 Rxc7 42. Nxc7 Nxf3 43. Rxa5 Ne1+ 44. Kd2 Nf3+ 45. Kd1 Rd7 46. Ra7 d3 47. b4
Nd4 48. Nb5 Rxa7 49. Nxa7 Nb3 50. Nc6 Ke6 51. Na5 Nd4 52. Kd2 Ne2 53. Ke3 Nxf4
54. b5 Nh3 55. Nc4 Nxg5 56. b6 d2 57. Kxd2 Ne4+ 58. Ke3 Nc5 59. Kf4 Kf6 60. Nd6
g5+ 61. Kg4 Kg6 62. Nf5 Nb7 63. Ng3 Nd6 64. Nf5 Nb7 65. Ng3 Nd6 1/2-1/2

[Event "38th Greek Team Championship"]
[Site "Olympic Boxing Center"]
[Date "2010.07.07"]
[Round "3.1"]
[White "Pavlidis, Anastasios"]
[Black "Kounalakis, Evryklis"]
[Result "1-0"]
[WhiteElo "2359"]
[BlackElo "2142"]
[PlyCount "53"]
[EventDate "2010.07.05"]
[WhiteTeam "AO KYDON"]
[BlackTeam "OS TRIANDRIAS"]

1. d4 d5 2. c4 c6 3. Nf3 Nf6 4. e3 e6 5. Nbd2 Nbd7 6. Bd3 Bd6 7. O-O O-O 8. e4
dxe4 9. Nxe4 Nxe4 10. Bxe4 f5 11. Bc2 e5 12. c5 Be7 13. Bb3+ Kh8 14. Nxe5 Nxe5
15. dxe5 Bxc5 16. e6 Qf6 17. Qe2 a5 18. a3 Re8 19. Re1 Bd4 20. Rb1 a4 21. Ba2
Ra5 22. Be3 c5 23. Bxd4 cxd4 24. Rbc1 Ra6 25. Qb5 Qe7 26. Rc7 Qd8 27. e7 1-0

[Event "38th Greek Team Championship"]
[Site "Olympic Boxing Center"]
[Date "2010.07.07"]
[Round "3.1"]
[White "Psomiadis, Stavros"]
[Black "Kazakos, Emmanouil"]
[Result "1/2-1/2"]
[WhiteElo "2195"]
[BlackElo "2054"]
[PlyCount "104"]
[EventDate "2010.07.05"]
[WhiteTeam "OS TRIANDRIAS"]
[BlackTeam "AO KYDON"]

1. f4 Nf6 2. Nf3 e6 3. g3 b6 4. Bg2 Bb7 5. O-O c5 6. b3 g6 7. Bb2 Bg7 8. e3 O-O
9. Qe2 d5 10. Ne5 Nc6 11. Nxc6 Bxc6 12. d3 Nd7 13. Bxg7 Kxg7 14. Nd2 Qc7 15. e4
dxe4 16. Nxe4 Rad8 17. Rae1 Nb8 18. Qd1 Qd7 19. Rf2 Bb7 20. Qa1+ Qd4 21. c3 Qd7
22. Rd2 Na6 23. Red1 Qe7 24. d4 cxd4 25. Rxd4 Rxd4 26. Rxd4 Bxe4 27. Bxe4 e5
28. fxe5 Qxe5 29. Qc1 Nc5 30. Bd5 Rd8 31. Qd2 Ne6 32. Bxe6 Rxd4 33. Qxd4 Qxd4+
34. cxd4 fxe6 35. Kf2 Kf6 36. Ke3 e5 37. a4 Ke6 38. Ke4 exd4 39. Kxd4 Kd6 40.
b4 a6 41. g4 h6 42. h4 a5 43. Kc4 axb4 44. Kxb4 h5 45. g5 Kd7 46. Kb5 Kc7 47.
Ka6 Kc6 48. Ka7 Kc7 49. Ka6 Kc6 50. Ka7 Kc7 51. Ka6 Kc6 52. Ka7 Kc7 1/2-1/2

[Event "38th Greek Team Championship"]
[Site "Olympic Boxing Center"]
[Date "2010.07.07"]
[Round "3.1"]
[White "Kouvatsou, Maria"]
[Black "Dimitriadi, Aspasia"]
[Result "1-0"]
[WhiteElo "2185"]
[BlackElo "1895"]
[PlyCount "111"]
[EventDate "2010.07.05"]
[WhiteTeam "AO KYDON"]
[BlackTeam "OS TRIANDRIAS"]

1. e4 c6 2. d4 d5 3. exd5 cxd5 4. c4 Nf6 5. Nc3 Nc6 6. Bg5 e6 7. Nf3 Be7 8. a3
O-O 9. Bd3 dxc4 10. Bxc4 Nd5 11. Bxe7 Ncxe7 12. O-O b6 13. Ne5 Bb7 14. Qd2 Nf6
15. Rad1 a6 16. Ba2 Qd6 17. Rfe1 Rad8 18. Qf4 Nfd5 19. Qg4 Nf6 20. Qh3 Bd5 21.
Bb1 Ng6 22. f3 Nd7 23. Kh1 Bb7 24. Ba2 Ndxe5 25. dxe5 Qc5 26. Bb1 Rd4 27. Bxg6
hxg6 28. Rxd4 Qxd4 29. Qg3 Rd8 30. h3 Qc4 31. Qg5 Qc7 32. Rc1 Qb8 33. Qe3 Bd5
34. Rd1 Bc6 35. Rd4 Kf8 36. Qd2 Ke7 37. Qg5+ Ke8 38. Rh4 Kd7 39. Rd4+ Ke8 40.
Rh4 Kd7 41. Rh7 Rg8 42. Qf4 Ke7 43. Ne4 Bxe4 44. Qxe4 Qc7 45. Qb4+ Qc5 46. Qh4+
Kd7 47. Qe4 Qc7 48. Kh2 Qc5 49. Qf4 Ke8 50. Rh4 Ke7 51. Qg5+ f6 52. exf6+ gxf6
53. Rh7+ Kd6 54. Qxf6 Qe5+ 55. Qxe5+ Kxe5 56. Rb7 1-0

[Event "38th Greek Team Championship"]
[Site "Olympic Boxing Center"]
[Date "2010.07.07"]
[Round "3.1"]
[White "Vafiadou, Asimenia"]
[Black "Fragaki, Maria"]
[Result "0-1"]
[WhiteElo "1624"]
[BlackElo "1935"]
[PlyCount "60"]
[EventDate "2010.07.05"]
[WhiteTeam "OS TRIANDRIAS"]
[BlackTeam "AO KYDON"]

1. d4 Nf6 2. c4 e6 3. Nf3 b6 4. Bf4 Bb7 5. e3 d5 6. Nc3 Nbd7 7. cxd5 Nxd5 8.
Nxd5 Bxd5 9. Qa4 a6 10. Rc1 b5 11. Qa5 c5 12. Qxd8+ Kxd8 13. a3 f6 14. Bd3 g5
15. Bg3 g4 16. Nd2 cxd4 17. exd4 Bh6 18. Rg1 Ke7 19. Ke2 Bg5 20. Rc7 f5 21. Be5
Rhc8 22. Rxc8 Rxc8 23. f4 Nxe5 24. fxe5 Kf7 25. g3 Bd8 26. Ke3 Bb6 27. Nb1 Bf3
28. Nd2 Bd5 29. Nb1 Rd8 30. Be2 Bb3 0-1

[Event "38th Greek Team Championship"]
[Site "Olympic Boxing Center"]
[Date "2010.07.07"]
[Round "3.1"]
[White "Neroulidis, Mihalis"]
[Black "Pavlidou, Ekaterini"]
[Result "1/2-1/2"]
[WhiteElo "1762"]
[BlackElo "2182"]
[PlyCount "91"]
[EventDate "2010.07.05"]
[WhiteTeam "OS TRIANDRIAS"]
[BlackTeam "AO KYDON"]

1. e4 c5 2. Nf3 e6 3. d4 cxd4 4. Nxd4 Nf6 5. Nc3 Nc6 6. Be2 Bb4 7. O-O Bxc3 8.
bxc3 Nxe4 9. Qd3 f5 10. Ba3 Qa5 11. Nb5 a6 12. Nd6+ Nxd6 13. Bxd6 Kf7 14. Qh3
g6 15. c4 h5 16. c5 b5 17. cxb6 Bb7 18. Bf3 Qc3 19. Qh4 Rag8 20. Qg5 Qf6 21.
Qxf6+ Kxf6 22. Bxc6 Bxc6 23. f4 Rh7 24. Rab1 Bb7 25. h4 Rc8 26. Rf2 Rc6 27. Rd2
Kf7 28. a4 Ke8 29. a5 Kd8 30. Kf2 Kc8 31. g3 Rc3 32. Rb3 Rc4 33. c3 Rh8 34. Rd4
Rc6 35. Rbb4 Rxc3 36. Rbc4+ Rxc4 37. Rxc4+ Bc6 38. Ke3 Kb7 39. Kd4 Rc8 40. Ke5
Bf3 41. Rc7+ Rxc7 42. bxc7 Kc8 43. Kf6 Be2 44. Kxg6 Bf3 45. Kf6 Bd1 46. Ke5
1/2-1/2

[Event "38th Greek Team Championship"]
[Site "Olympic Boxing Center"]
[Date "2010.07.07"]
[Round "3.1"]
[White "Sandalakis, Nikolaos"]
[Black "Konstantinidis, Konstantinos"]
[Result "1-0"]
[WhiteElo "1931"]
[BlackElo "2000"]
[PlyCount "97"]
[EventDate "2010.07.05"]
[WhiteTeam "AO KYDON"]
[BlackTeam "OS TRIANDRIAS"]

1. e4 d6 2. d4 Nf6 3. Nc3 g6 4. Be3 Ng4 5. Bg5 h6 6. Bh4 g5 7. Bg3 Bg7 8. Be2
Nf6 9. Qd2 e6 10. h4 Nfd7 11. O-O-O e5 12. dxe5 Nxe5 13. Nf3 Nbc6 14. hxg5 Nxf3
15. gxf3 hxg5 16. Rxh8+ Bxh8 17. Rh1 Bf6 18. Nd5 Be6 19. Rh6 Bxd5 20. Qxd5 Bg7
21. Rh5 Qf6 22. c3 O-O-O 23. f4 gxf4 24. Bh4 Qg6 25. Bxd8 Qg1+ 26. Qd1 Qxd1+
27. Kxd1 Kxd8 28. Rh7 Be5 29. Rxf7 Ne7 30. Bg4 Ke8 31. Rh7 Kf8 32. Be6 Ke8 33.
Bg4 Kf8 34. Be6 Ke8 35. Bd5 c6 36. Be6 Kd8 37. Rf7 Ke8 38. Rh7 Kd8 39. Kd2 Ke8
40. Bf7+ Kd7 41. Bh5 Ke6 42. Bg4+ Kf6 43. f3 a5 44. Rh8 d5 45. exd5 cxd5 46.
Rh6+ Ng6 47. Bh5 Kg5 48. Rxg6+ Kxh5 49. Rb6 1-0

[Event "38th Greek Team Championship"]
[Site "Olympic Boxing Center"]
[Date "2010.07.07"]
[Round "3.1"]
[White "Palaskos, Ahileas"]
[Black "Hnaras, Foivos"]
[Result "1-0"]
[WhiteElo "1760"]
[BlackElo "1551"]
[PlyCount "51"]
[EventDate "2010.07.05"]
[WhiteTeam "OS TRIANDRIAS"]
[BlackTeam "AO KYDON"]

1. e4 e5 2. Nf3 Nc6 3. Bb5 a6 4. Bxc6 bxc6 5. d4 exd4 6. Qxd4 Nf6 7. Nc3 Bb7 8.
Bg5 Be7 9. O-O O-O 10. Rfe1 Re8 11. Nd2 Rb8 12. b3 h6 13. Be3 Bd6 14. f4 Ng4
15. e5 Nxe3 16. Rxe3 Bf8 17. Nce4 Qe7 18. Rae1 Rbd8 19. Kh1 Qb4 20. c4 Kh8 21.
Qd3 Qb6 22. Ng5 g6 23. Nxf7+ Kg7 24. Nxd8 Rxd8 25. Rg3 c5 26. e6 1-0